Caricamento...

Participatory rural appraisal: practical experience

Dettagli Bibliografici
Autori principali: Nabasa, J, Rutwara, G, Walker, F, Were, C
Natura: Printed Book
Pubblicazione: U K, Natural Resources Institute 1995
Soggetti:
LEADER 006070000a22001930004500
020 |a 0-85954-392-7 
082 |a 307.72 NAB 
100 |a Nabasa, J  |9 136779 
100 |a Rutwara, G  |9 136780 
100 |a Walker, F  |9 136781 
100 |a Were, C  |9 136782 
245 |a Participatory rural appraisal: practical experience 
260 |a U K, Natural Resources Institute 
260 |c 1995 
650 |a Communities  |9 136783 
650 |a Rural  |9 136784 
942 |c BK 
999 |c 177314  |d 177310 
952 |0 0  |1 0  |4 0  |6 307_720000000000000_NAB  |7 0  |9 175747  |a SES  |b SES  |d 2019-05-16  |l 0  |o 307.72 NAB  |p SES00262  |r 2019-05-16  |w 2019-05-16  |y BK